000 01101nam a2200301 i 4500
003 DO-SdBNP
005 20231023140502.0
007 ta
008 110331s2023 dr a r 000 0 spa d
020 _a9789945589290
040 _aDO-SdBNP
_bspa
_cBNPHU
_erda
082 4 _bP762
_222
100 _aPolanco Beltré, Ysrael David
_961439
245 1 0 _aValores para vivir con resiliencia /
_cYsrael Polanco : prefacio Aristóteles Bautista Martinez : presentación Claribel Santana de Polanco
264 1 _aSanto Domingo :
_bSantuario,
_c2023.
300 _a119 páginas
_bilustraciones
_c23 cm.
336 _2rdacontent
_atexto
_btxt
337 _2rdamedia
_asin mediación
_bn
338 _2rdacarrier
_avolumen
_bnc
500 _aIncluye datos biografícos del autor en la solapa de la portada.
500 _aIncluye notas a pie de páginas.
504 _aBibliografía p: 117-119
590 _aInventariado, 2023/ YL
700 1 _aBautista Martínez, Aristóteles
_eprefacio
_984512
700 1 _aSantana de Polanco, Claribel
_epresentación
_984513
910 _aYLockward
942 _2ddc
_cLBS1
999 _c55251
_d55251